Vận dụng thời gian một cách khoa học

Sách xoay quanh nội dung về nghệ thuật tổ chức cuộc sống, giúp việc sử dụng thời gian có hiệu quả tối đa, mang lại trật tự trong công việc và làm bạn có đựơc nhiều năng lực hơn.

保存先:
書誌詳細
第一著者: Bird, Polly
フォーマット: 図書
言語:Undetermined
出版事項: Đồng Nai Tổng Hợp Đồng Nai 2008
主題:
タグ: タグ追加
タグなし, このレコードへの初めてのタグを付けませんか!
Thư viện lưu trữ: Trung tâm Học liệu Trường Đại học Cần Thơ
LEADER 00885nam a2200205Ia 4500
001 CTU_142451
008 210402s9999 xx 000 0 und d
020 |c 31000 
082 |a 650.1 
082 |b B618 
100 |a Bird, Polly 
245 0 |a Vận dụng thời gian một cách khoa học 
245 0 |c Polly Bird, Nhân văn (biên dịch) 
260 |a Đồng Nai 
260 |b Tổng Hợp Đồng Nai 
260 |c 2008 
520 |a Sách xoay quanh nội dung về nghệ thuật tổ chức cuộc sống, giúp việc sử dụng thời gian có hiệu quả tối đa, mang lại trật tự trong công việc và làm bạn có đựơc nhiều năng lực hơn. 
650 |a Time management 
904 |i HHTrang (Bé Ba), Bạch Trúc 
980 |a Trung tâm Học liệu Trường Đại học Cần Thơ